The Russian dagger : (Record no. 12984)
[ view plain ]
| 000 -LEADER | |
|---|---|
| fixed length control field | 01015cam a2200301 i 4500 |
| 001 - CONTROL NUMBER | |
| control field | 2666174 |
| 003 - CONTROL NUMBER IDENTIFIER | |
| control field | EG-ScBUE |
| 005 - DATE AND TIME OF LATEST TRANSACTION | |
| control field | 20240605093510.0 |
| 008 - FIXED-LENGTH DATA ELEMENTS--GENERAL INFORMATION | |
| fixed length control field | 700106s1969 enka f b 001 0 eng d |
| 040 ## - CATALOGING SOURCE | |
| Original cataloging agency | DLC |
| Language of cataloging | eng |
| Description conventions | rda |
| Transcribing agency | DLC |
| Modifying agency | DLC |
| -- | EG-ScBUE |
| 043 ## - GEOGRAPHIC AREA CODE | |
| Geographic area code | e-ur--- |
| 082 04 - DEWEY DECIMAL CLASSIFICATION NUMBER | |
| Classification number | 947.08 |
| Item number | COW |
| Edition number | 22 |
| 100 1# - MAIN ENTRY--PERSONAL NAME | |
| Personal name | Cowles, Virginia, |
| Relator term | author. |
| 9 (RLIN) | 9658 |
| 245 14 - TITLE STATEMENT | |
| Title | The Russian dagger : |
| Remainder of title | Cold war in the days of the Czars / |
| Statement of responsibility, etc | Virginia Cowles. |
| 264 #1 - PUBLICATION, DISTRIBUTION, ETC. (IMPRINT) | |
| Place of publication, distribution, etc | London : |
| Name of publisher, distributor, etc | Collins, |
| Date of publication, distribution, etc | 1969. |
| 300 ## - PHYSICAL DESCRIPTION | |
| Extent | 351 pages : |
| Other physical details | illustrations ; |
| Dimensions | 24 cm |
| 336 ## - CONTENT TYPE | |
| Source | rdacontent |
| Content type term | text |
| Content type code | txt |
| 337 ## - MEDIA TYPE | |
| Media type term | unmediated |
| Source | rdamedia |
| Media type code | n |
| 338 ## - CARRIER TYPE | |
| Carrier type term | volume |
| Carrier type code | nc |
| Source | rdacarrier |
| 350 ## - PRICE (NR) (BK AM CF MU VM SE) [OBSOLETE] | |
| Price | 55/- |
| 504 ## - BIBLIOGRAPHY, ETC. NOTE | |
| Bibliography, etc | Includes bibliographical references and index.<br/> |
| 651 #7 - SUBJECT ADDED ENTRY--GEOGRAPHIC NAME | |
| Geographic name | Russia |
| General subdivision | History |
| Chronological subdivision | 1801-1917. |
| Source of heading or term | BUEsh |
| 9 (RLIN) | 9659 |
| 651 #7 - SUBJECT ADDED ENTRY--GEOGRAPHIC NAME | |
| Geographic name | Russia |
| General subdivision | History |
| Chronological subdivision | Nicholas II, 1894-1917. |
| Source of heading or term | BUEsh |
| 9 (RLIN) | 9660 |
| 651 #7 - SUBJECT ADDED ENTRY--GEOGRAPHIC NAME | |
| Geographic name | Russia |
| General subdivision | Foreign relations |
| Chronological subdivision | 1801-1917. |
| Source of heading or term | BUEsh |
| 9 (RLIN) | 9661 |
| 655 ## - INDEX TERM--GENRE/FORM | |
| Form subdivision | Reading book |
| 942 ## - ADDED ENTRY ELEMENTS (KOHA) | |
| Source of classification or shelving scheme | Dewey Decimal Classification |
| Koha item type | Book - Borrowing |
| Withdrawn status | Lost status | Source of classification or shelving scheme | Damaged status | Not for loan | Collection code | Home library | Current library | Shelving location | Date acquired | Source of acquisition | Total Checkouts | Total Renewals | Full call number | Barcode | Date last seen | Date checked out | Price effective from | Koha item type | Public note |
|---|---|---|---|---|---|---|---|---|---|---|---|---|---|---|---|---|---|---|---|
| Dewey Decimal Classification | Donation-Gift | Central Library | Central Library | Second Floor | 06/12/2009 | Donation | 1 | 1 | 947.08 COW | 000019067 | 15/07/2025 | 10/12/2013 | 06/12/2009 | Book - Borrowing | donated by Alaa Abdel Ghaney |